Martin Kukučín v kritike a spomienkach sborník ; sborník zred. Alexander Matuška, Marianna Prídavková, Miloš Tomčík

Bibliographic Details
Format: Book
Language:Slovak
PhysicalDescription:944, [4] s., [56] obr. príl. 8°
Published: Bratislava SVKL 1957
Series:Pamäti a dokumenty
Subjects:

MARC

LEADER 00000nam a2200000 a 4500
001 vtls008325435
003 SK-MaSNL
005 20260301181049.0
008 181127s1957 xo 000 slo
015 |a SKSNBA1958/02-00254 
020 |q (viaz.) 
035 |a SK01SNK19580017652 
035 |a SKM000020115 
040 |a SNK  |b slo  |c SNK  |e AACR2 
041 0 |a slo 
044 |a xo  |c SK 
080 |a 82:929:885.4(082)  |2 1981 
080 |a 885.4-94(082)  |2 1981 
080 |a 929 Kukučín, Martin  |2 1981 
245 1 0 |a Martin Kukučín v kritike a spomienkach  |b sborník ; sborník zred. Alexander Matuška, Marianna Prídavková, Miloš Tomčík 
260 |a Bratislava  |b SVKL  |c 1957  |e Ružomberok  |f Severoslovenské tlačiarne 
300 |a 944, [4] s., [56] obr. príl.  |c 8° 
490 1 |a Pamäti a dokumenty  |v zv. 6. 
500 |a Pozn. Odkazy na lit. Menný reg. 
600 1 0 |a Kukučín, Martin,  |d 1860-1928  |2 SNK  |9 100266 
655 7 |a autobiografie  |2 SNKPH  |9 70280 
700 1 |a Matuška, Alexander,  |d 1910-1975  |4 pfr  |9 257897 
700 1 |a Mináriková, Marianna,  |d 1930-2012  |4 pfr  |9 105255 
700 1 |a Tomčík, Miloš,  |d 1922-2009  |4 pfr  |9 131365 
830 0 |a Pamäti a dokumenty  |9 280108 
852 |a Slovenská národná knižnica v Martine  |b 10000  |h SD 14677 
852 |a Slovenská národná knižnica v Martine  |b 10000  |h SD 14677 D1 
958 |a TL 
958 |a RK 
958 |a BX 
958 |a NB 
999 |c 848596  |d 850526 
952 |a SNK  |b SNK  |y PREZ  |7 0  |p 17A0523591  |o snkSD 14677  |i snkKSP 269/58  |0 0  |1 0  |4 0  |d 2006-10-10  |l 0  |r 2025-11-27 00:00:00  |w 2026-02-24 
952 |a SNKLM  |b SNKLM  |y NEVYP  |7 0  |o snklmMK 6456  |8 3  |0 0  |1 0  |4 0  |d 2006-12-15  |l 0  |r 2026-02-24 04:34:03  |w 2026-02-24